Honoré Daumier (Record no. 4481)

MARC details
000 -CABECERA
campo de control de longitud fija 00905nam a2200229 a 4500
001 - NÚMERO DE CONTROL
campo de control BRCA_4784
005 - FECHA Y HORA DE LA ÚLTIMA TRANSACCIÓN
campo de control 20190320204814.0
008 - DATOS DE LONGITUD FIJA--INFORMACIÓN GENERAL
campo de control de longitud fija 081010c1968----ag-af#####---#000-0#spa-#
041 ## - CÓDIGO DE LENGUA
Código de lengua del texto/banda sonora o título independiente spa
044 ## - CÓDIGO DEL PAÍS DE LA ENTIDAD EDITORA/PRODUCTORA
Código MARC del país ag
050 #4 - SIGNATURA TOPOGRÁFICA DE LA BIBLIOTECA DEL CONGRESO
Número de clasificación ND553
Número de documento/Ítem .P56
-- 1968
245 10 - MENCIÓN DE TÍTULO
Título Honoré Daumier
Mención de responsabilidad, etc. monografía por Mario de Micheli ; traducción por Berta Senderey ; el juicio del siglo XX, por Catalina Elsa Lago.
260 ## - PUBLICACIÓN, DISTRIBUCIÓN, ETC.
Lugar de publicación, distribución, etc. Argentina
Nombre del editor, distribuidor, etc. Codex
Fecha de publicación, distribución, etc. c1968
300 ## - DESCRIPCIÓN FÍSICA
Extensión 1 v. (sin paginación)
Otras características físicas il., 16 láminas a color
Dimensiones 36 cm.
440 #0 - MENCIÓN DE SERIE/PUNTO DE ACCESO ADICIONAL--TÍTULO
Título Pinacoteca de los genios : la más grandiosa colección de arte del mundo
Designación de volumen o secuencia 154
9 (RLIN) 12101
500 ## - NOTA GENERAL
Nota general Incluye índice de ilustraciones y nómina de pintores publicados en pinacoteca de los genios
600 14 - PUNTO DE ACCESO ADICIONAL DE MATERIA--NOMBRE DE PERSONA
Nombre de persona Daumier, Honoré
Fechas asociadas al nombre 1808-1879
9 (RLIN) 7891
700 1# - PUNTO DE ACCESO ADICIONAL--NOMBRE DE PERSONA
Nombre de persona Micheli, Mario de
9 (RLIN) 12102
700 1# - PUNTO DE ACCESO ADICIONAL--NOMBRE DE PERSONA
Nombre de persona Lago, Catalina Elsa
9 (RLIN) 12103
700 1# - PUNTO DE ACCESO ADICIONAL--NOMBRE DE PERSONA
Nombre de persona Senderey, Berta
Término indicativo de función/relación tr.
9 (RLIN) 12104
942 ## - ELEMENTOS DE PUNTO DE ACCESO ADICIONAL (KOHA)
Fuente del sistema de clasificación o colocación Library of Congress Classification
Tipo de ítem Koha Libros
Holdings
Estado de retiro Estado de pérdida Estado dañado No para préstamo Localización permanente Ubicación/localización actual Fecha de adquisición Total de préstamos Signatura topográfica completa Código de barras Fecha visto por última vez Precio válido a partir de Tipo de ítem Koha
El ejemplar forma parte de la colección y puede ser consultado según las políticas vigentes.       Biblioteca del Museo Franz Mayer (Rogerio Casas-Alatriste) Biblioteca del Museo Franz Mayer (Rogerio Casas-Alatriste) 08/10/2010   ND553 .P56 1968 00641 22/03/2019 22/03/2019 Libros